[Event "Quebec op"]
[Site "Montreal CAN"]
[Date "2000.07.22"]
[Round "1"]
[White "Lesiege, Alexandre"]
[Black "Duong, Thanh Nha"]
[Result "1-0"]
[WhiteElo "2584"]
[BlackElo "2380"]
[WhiteFideId "-1"]
[WhiteFideId "-1"]
[PlyCount "65"]
[GameId "2160767911653026"]
[EventDate "2000.07.22"]
[EventType "swiss"]
[EventRounds "9"]
[EventCountry "CAN"]
[SourceTitle "EXT 2002"]
[Source "ChessBase"]
[SourceDate "2001.11.25"]
[SourceVersion "1"]
[SourceVersionDate "2001.11.25"]
[SourceQuality "1"]

1. d4 d5 2. c4 c6 3. Nc3 Nf6 4. Nf3 dxc4 5. a4 Bf5 6. Ne5 e6 7. f3 Bb4 8. e4 Bxe4 9. fxe4 Nxe4 10. Bd2 Qxd4 11. Nxe4 Qxe4+ 12. Qe2 Bxd2+ 13. Kxd2 Qd5+ 14. Kc2 Na6 15. Nxc4 O-O 16. Qe5 Rac8 17. Be2 f6 18. Qe3 Nc5 19. b4 Na6 20. Rad1 Qxg2 21. Rhg1 Qxh2 22. Rd7 Rf7 23. Qxe6 Qxg1 24. Qxf7+ Kh8 25. Qe7 Rg8 26. Nd6 Nxb4+ 27. Kb2 Qd4+ 28. Kb3 Qd5+ 29. Kxb4 a5+ 30. Kc3 Qc5+ 31. Bc4 Qa3+ 32. Kc2 Qxa4+ 33. Bb3 1-0

[Event "Quebec op"]
[Site "Montreal CAN"]
[Date "2000.07.23"]
[Round "2"]
[White "Evelev, Vladimir"]
[Black "Lesiege, Alexandre"]
[Result "0-1"]
[WhiteElo "2452"]
[BlackElo "2584"]
[WhiteFideId "-1"]
[WhiteFideId "-1"]
[PlyCount "118"]
[GameId "2160767911653049"]
[EventDate "2000.07.22"]
[EventType "swiss"]
[EventRounds "9"]
[EventCountry "CAN"]
[SourceTitle "EXT 2002"]
[Source "ChessBase"]
[SourceDate "2001.11.25"]
[SourceVersion "1"]
[SourceVersionDate "2001.11.25"]
[SourceQuality "1"]

1. d4 d5 2. c4 dxc4 3. Nf3 Nf6 4. e3 e6 5. Bxc4 c5 6. O-O a6 7. dxc5 Bxc5 8. Qxd8+ Kxd8 9. Rd1+ Ke7 10. b3 Nbd7 11. Bb2 b6 12. Nc3 Bb7 13. Rac1 Rac8 14. Be2 Rhd8 15. Na4 Bd6 16. Rxc8 Rxc8 17. Rc1 Rxc1+ 18. Bxc1 b5 19. Nc3 e5 20. Kf1 Nc5 21. Ba3 Nfe4 22. Nxe4 Nxe4 23. Bb2 f6 24. Bd3 Nxf2 25. Kxf2 e4 26. Be2 exf3 27. Bxf3 Bc8 28. Bc3 b4 29. Bd4 Bf5 30. Bb7 Bd3 31. Kf3 Kd7 32. h3 Bb1 33. Bxa6 Bxa2 34. Bc4 Bb1 35. e4 Bc2 36. Bd5 Be5 37. Bxe5 fxe5 38. Kg4 Kd6 39. Kf5 Bd3 40. h4 Bb5 41. h5 Bd7+ 42. Kg5 Be8 43. g4 Bd7 44. Bg8 Ke7 45. h6 gxh6+ 46. Kh5 Kf8 47. Bd5 Kg7 48. g5 hxg5 49. Kxg5 h6+ 50. Kh5 Be8+ 51. Kg4 Kf6 52. Bc4 Bg6 53. Bd5 Ke7 54. Bc4 Bxe4 55. Kh5 Kd6 56. Kxh6 Bd5 57. Bd3 e4 58. Be2 Bxb3 59. Kg5 Ke5 0-1

[Event "Quebec op"]
[Site "Montreal CAN"]
[Date "2000.07.23"]
[Round "3"]
[White "Lesiege, Alexandre"]
[Black "Kogan, Artur"]
[Result "0-1"]
[WhiteElo "2584"]
[BlackElo "2504"]
[WhiteFideId "-1"]
[WhiteFideId "-1"]
[PlyCount "62"]
[GameId "2160767911653078"]
[EventDate "2000.07.22"]
[EventType "swiss"]
[EventRounds "9"]
[EventCountry "CAN"]
[SourceTitle "EXT 2002"]
[Source "ChessBase"]
[SourceDate "2001.11.25"]
[SourceVersion "1"]
[SourceVersionDate "2001.11.25"]
[SourceQuality "1"]

1. d4 Nf6 2. c4 c5 3. e3 g6 4. Nc3 Bg7 5. Nf3 O-O 6. Be2 d6 7. h3 Bf5 8. O-O Ne4 9. Nxe4 Bxe4 10. Ng5 Bc6 11. d5 Be8 12. e4 b5 13. cxb5 a6 14. bxa6 Nxa6 15. a4 Nb4 16. Ra3 Ra7 17. Bc4 h6 18. Nf3 Qa8 19. b3 f5 20. exf5 Rxf5 21. Bd2 Bf7 22. Bxb4 cxb4 23. Ra2 Bxd5 24. Rc2 Kh7 25. Nh4 Rh5 26. Nxg6 Bxc4 27. Rxc4 Kxg6 28. Qd3+ Kf7 29. Rxb4 Rg5 30. g4 Rc7 31. Qh7 Qf3 0-1

[Event "Quebec op"]
[Site "Montreal CAN"]
[Date "2000.07.26"]
[Round "4"]
[White "Schleifer, Michael"]
[Black "Lesiege, Alexandre"]
[Result "0-1"]
[WhiteElo "2364"]
[BlackElo "2584"]
[WhiteFideId "-1"]
[WhiteFideId "-1"]
[PlyCount "87"]
[GameId "2160767911653128"]
[EventDate "2000.07.22"]
[EventType "swiss"]
[EventRounds "9"]
[EventCountry "CAN"]
[SourceTitle "EXT 2002"]
[Source "ChessBase"]
[SourceDate "2001.11.25"]
[SourceVersion "1"]
[SourceVersionDate "2001.11.25"]
[SourceQuality "1"]

1. e4 c5 2. Nf3 d6 3. Bb5+ Bd7 4. Bxd7+ Qxd7 5. O-O Nc6 6. c3 Nf6 7. Re1 e6 8. d4 cxd4 9. Nxd4 Be7 10. c4 O-O 11. Nc3 a6 12. b3 b5 13. cxb5 Nxd4 14. Qxd4 axb5 15. Bb2 Qb7 16. e5 dxe5 17. Qxe5 b4 18. Ne4 Rfd8 19. Nxf6+ Bxf6 20. Qe2 Be7 21. Qg4 Bf8 22. Red1 Rxd1+ 23. Qxd1 Ra5 24. Qe2 h5 25. Bd4 Qa8 26. h3 Rg5 27. f3 Rd5 28. Be3 Qd8 29. Rc1 Rd3 30. Kf1 Rd5 31. Ke1 Be7 32. Kf2 Bf6 33. Rc4 Bc3 34. Kg3 Re5 35. f4 Ra5 36. a4 bxa3 37. Rxc3 a2 38. Rd3 Qxd3 39. Qxd3 a1=Q 40. Qd8+ Kh7 41. Qd3+ g6 42. Qd7 Rf5 43. Qd3 Qe1+ 44. Kh2 0-1

[Event "Quebec op"]
[Site "Montreal CAN"]
[Date "2000.07.25"]
[Round "5"]
[White "Lesiege, Alexandre"]
[Black "Grigoriants, Sergey"]
[Result "1/2-1/2"]
[WhiteElo "2617"]
[BlackElo "2503"]
[WhiteFideId "-1"]
[WhiteFideId "-1"]
[PlyCount "116"]
[GameId "2160767911653146"]
[EventDate "2000.07.22"]
[EventType "swiss"]
[EventRounds "9"]
[EventCountry "CAN"]

1. d4 Nf6 2. c4 e6 3. Nc3 Bb4 4. e3 d5 5. Nf3 O-O 6. Bd3 b6 7. O-O Bb7 8. cxd5 exd5 9. a3 Bd6 10. b4 Nbd7 11. Qb3 a6 12. a4 Qe7 13. Ba3 Rfe8 14. b5 Bxa3 15. Qxa3 Qxa3 16. Rxa3 g6 17. Rc1 Rec8 18. Ne5 Nxe5 19. dxe5 axb5 20. Bxb5 Ne8 21. Bxe8 Rxe8 22. Nb5 Rxe5 23. Rxc7 Ba6 24. Nd4 Bc4 25. Rb7 Ra6 26. Ra1 Re8 27. g4 Rea8 28. Rb1 Rxa4 29. R1xb6 R4a7 30. Kg2 h6 31. Kg3 Rxb7 32. Rxb7 Kg7 33. h4 Re8 34. Rd7 Re5 35. Nc6 Re6 36. Nd8 Rf6 37. f4 g5 38. h5 Kf8 39. Nb7 Re6 40. Kf2 Rf6 41. f5 Ke8 42. Rc7 Rb6 43. Na5 Bb5 44. Rc5 Ba4 45. Rxd5 Rb5 46. Rxb5 Bxb5 47. e4 f6 48. Nb3 Ke7 49. Nd4 Ba4 50. Nf3 Kd6 51. e5+ Ke7 52. e6 Bd1 53. Kg3 Kd6 54. Nd2 Ke7 55. Kh3 Ba4 56. Kg3 Bd1 57. Nf1 Ba4 58. Nd2 Bd1 1/2-1/2

[Event "Quebec op"]
[Site "Montreal CAN"]
[Date "2000.07.26"]
[Round "6"]
[White "Fillion, Steve"]
[Black "Lesiege, Alexandre"]
[Result "0-1"]
[WhiteElo "2195"]
[BlackElo "2584"]
[WhiteFideId "-1"]
[WhiteFideId "-1"]
[PlyCount "88"]
[GameId "2160767911653172"]
[EventDate "2000.07.22"]
[EventType "swiss"]
[EventRounds "9"]
[EventCountry "CAN"]
[SourceTitle "EXT 2002"]
[Source "ChessBase"]
[SourceDate "2001.11.25"]
[SourceVersion "1"]
[SourceVersionDate "2001.11.25"]
[SourceQuality "1"]

1. d4 Nf6 2. Nf3 d5 3. c4 c6 4. Nc3 dxc4 5. e3 b5 6. a4 b4 7. Na2 e6 8. Bxc4 Be7 9. a5 Qxa5 10. Bd2 Qb6 11. Qa4 Bd7 12. Bxb4 c5 13. dxc5 Qb7 14. Qc2 Na6 15. Ba3 Nxc5 16. O-O Ba4 17. Qe2 O-O 18. Nc3 Bc6 19. Bb5 Rab8 20. Bxc6 Qxc6 21. Nd4 Qb7 22. Qf3 Rfc8 23. Qxb7 Rxb7 24. Rad1 Kf8 25. f3 Ne8 26. Rf2 Nd6 27. Bxc5 Rxc5 28. Na4 Rc4 29. b3 Rc8 30. f4 g6 31. Rff1 Nf5 32. Nxf5 exf5 33. Rd3 Rcb8 34. Rc1 Rxb3 35. Rxb3 Rxb3 36. Rc8+ Kg7 37. Rc7 Rxe3 38. Rxa7 Bf6 39. Kf1 Ra3 40. Ra6 Bd4 41. Ra8 Ra2 42. g3 Rf2+ 43. Ke1 Rxh2 44. Rd8 Bf2+ 0-1

[Event "Quebec op"]
[Site "Montreal CAN"]
[Date "2000.07.27"]
[Round "7"]
[White "Lesiege, Alexandre"]
[Black "Luksza, Arkadiusz"]
[Result "1-0"]
[WhiteElo "2617"]
[BlackElo "2063"]
[WhiteFideId "-1"]
[WhiteFideId "-1"]
[PlyCount "89"]
[GameId "2160767911653208"]
[EventDate "2000.07.22"]
[EventType "swiss"]
[EventRounds "9"]
[EventCountry "CAN"]

1. d4 g6 2. c4 Bg7 3. Nf3 Nf6 4. Nc3 d6 5. e4 O-O 6. Be2 e5 7. O-O Nc6 8. d5 Ne7 9. b4 Ne8 10. c5 f5 11. Nd2 Nf6 12. f3 f4 13. Nc4 g5 14. a4 Ng6 15. Ba3 Ne8 16. a5 h5 17. b5 Rf7 18. b6 Bf8 19. bxc7 Rxc7 20. cxd6 Nxd6 21. Bxd6 Bxd6 22. Nxd6 Qxd6 23. Nb5 Qc5+ 24. Kh1 Rg7 25. d6 Bd7 26. Rc1 Qb4 27. a6 bxa6 28. Qd5+ Kh7 29. Qxa8 axb5 30. Rfd1 Qb2 31. Bf1 g4 32. Rc7 gxf3 33. Rxd7 Rxd7 34. Qc8 fxg2+ 35. Bxg2 Rg7 36. Qh3 Nf8 37. Bf3 Nd7 38. Bxh5 Kg8 39. Bg4 Rh7 40. Bh5 Rg7 41. Qe6+ Kh8 42. Bg4 Nf8 43. Qh6+ Kg8 44. d7 f3 45. Be6+ 1-0

[Event "Quebec op"]
[Site "Montreal CAN"]
[Date "2000.07.28"]
[Round "8"]
[White "Tyomkin, Dimitri"]
[Black "Lesiege, Alexandre"]
[Result "0-1"]
[WhiteElo "2522"]
[BlackElo "2584"]
[WhiteFideId "-1"]
[WhiteFideId "-1"]
[PlyCount "76"]
[GameId "2160767911653253"]
[EventDate "2000.07.22"]
[EventType "swiss"]
[EventRounds "9"]
[EventCountry "CAN"]
[SourceTitle "CBM 078"]
[Source "ChessBase"]
[SourceDate "2000.10.18"]
[SourceVersion "1"]
[SourceVersionDate "2000.10.18"]
[SourceQuality "1"]

1. d4 d5 2. c4 c6 3. Nf3 Nf6 4. Nc3 dxc4 5. e3 b5 6. a4 b4 7. Ne2 e6 8. Ng3 c3 9. bxc3 bxc3 10. Bd3 a5 11. O-O Ba6 12. e4 Bb4 13. Bg5 h6 14. Bxf6 gxf6 15. e5 f5 16. Nh5 Nd7 17. Bxa6 Rxa6 18. Qe2 Ra7 19. Rfd1 Nb6 20. Rd3 Nd5 21. Ne1 Rg8 22. Rad1 Kd7 23. Rh3 Kc8 24. Rdd3 Rb7 25. Rhg3 Rg6 26. Rd1 Kb8 27. Nd3 Ka7 28. Nhf4 Rxg3 29. hxg3 Qb6 30. Ne1 Be7 31. Qd3 Qa6 32. Qc2 Rb2 33. Qc1 Bb4 34. Nfd3 Rd2 35. Nf3 Rxd3 36. Re1 Qc4 37. Qxh6 c2 38. Rc1 Rd1+ 0-1

[Event "Quebec op"]
[Site "Montreal CAN"]
[Date "2000.07.29"]
[Round "9"]
[White "Lesiege, Alexandre"]
[Black "Miladinovic, Igor"]
[Result "1/2-1/2"]
[WhiteElo "2617"]
[BlackElo "2538"]
[WhiteFideId "-1"]
[WhiteFideId "-1"]
[PlyCount "75"]
[GameId "2160767911653270"]
[EventDate "2000.07.22"]
[EventType "swiss"]
[EventRounds "9"]
[EventCountry "CAN"]

1. d4 d5 2. c4 Nc6 3. Nc3 Nf6 4. cxd5 Nxd5 5. e4 Nxc3 6. bxc3 e5 7. d5 Nb8 8. Nf3 Bd6 9. Bb5+ Nd7 10. Qb3 O-O 11. Bxd7 Bxd7 12. Qxb7 Qf6 13. Qb1 Qg6 14. O-O Bh3 15. Ne1 f5 16. Qd3 Bg4 17. exf5 Qh5 18. h3 Be2 19. Qe4 Bxf1 20. Kxf1 Qxf5 21. Qxf5 Rxf5 22. Be3 a6 23. c4 Rb8 24. Nf3 h6 25. Nd2 Rff8 26. Ke2 Be7 27. Kd3 c6 28. dxc6 Rfc8 29. c5 Kf7 30. Kc4 Ke6 31. f4 a5 32. Re1 Rb4+ 33. Kc3 Rxc6 34. Bd4 Bd6 35. Nc4 Kd5 36. Ne3+ Ke6 37. Nc4 Kd5 38. Ne3+ 1/2-1/2

[Event "Capablanca Memorial Elite 35th"]
[Site "Varadero"]
[Date "2000.05.07"]
[Round "1"]
[White "Lesiege, Alexandre"]
[Black "Conquest, Stuart"]
[Result "1-0"]
[WhiteElo "2582"]
[BlackElo "2563"]
[WhiteFideId "-1"]
[WhiteFideId "-1"]
[PlyCount "101"]
[GameId "1166642698776576"]
[EventDate "2000.05.07"]
[EventType "tourn"]
[EventRounds "13"]
[EventCountry "CUB"]
[EventCategory "13"]
[SourceTitle "CBM 077"]
[Source "ChessBase"]
[SourceDate "2000.07.27"]
[SourceVersion "1"]
[SourceVersionDate "2000.07.27"]
[SourceQuality "1"]

1. d4 d5 2. c4 c6 3. Nc3 Nf6 4. Nf3 dxc4 5. a4 Bf5 6. Ne5 e6 7. f3 Bb4 8. e4 Bxe4 9. fxe4 Nxe4 10. Bd2 Qxd4 11. Nxe4 Qxe4+ 12. Qe2 Bxd2+ 13. Kxd2 Qd5+ 14. Kc2 Na6 15. Nxc4 O-O 16. Qe5 Rab8 17. Be2 f6 18. Qxd5 cxd5 19. Na5 Rbc8+ 20. Kb1 Nc5 21. b4 Ne4 22. Kb2 b6 23. Nb3 e5 24. Ba6 Rcd8 25. Bb7 f5 26. Rhe1 Rf7 27. Bc6 Rf6 28. b5 a5 29. Rad1 Rfd6 30. g4 g6 31. gxf5 gxf5 32. Rf1 f4 33. Rde1 Rh6 34. Bxd5+ Rxd5 35. Rxe4 Rxh2+ 36. Kc3 Kf7 37. Rfe1 Kf6 38. Kc4 Rd7 39. Nxa5 bxa5 40. Rxe5 f3 41. R5e3 Rc2+ 42. Kb3 Rf2 43. Re6+ Kf5 44. b6 Rfd2 45. R6e5+ Kg6 46. Rxa5 f2 47. Rf1 R7d3+ 48. Kc4 Rd4+ 49. Kb5 Re4 50. b7 Re1 51. Ka6 1-0

[Event "Capablanca Memorial Elite 35th"]
[Site "Varadero"]
[Date "2000.05.08"]
[Round "2"]
[White "Miles, Anthony"]
[Black "Lesiege, Alexandre"]
[Result "1-0"]
[WhiteElo "2579"]
[BlackElo "2582"]
[WhiteFideId "-1"]
[WhiteFideId "-1"]
[PlyCount "71"]
[GameId "1165542833172480"]
[EventDate "2000.05.07"]
[EventType "tourn"]
[EventRounds "13"]
[EventCountry "CUB"]
[EventCategory "13"]
[SourceTitle "CBM 077"]
[Source "ChessBase"]
[SourceDate "2000.07.27"]
[SourceVersion "1"]
[SourceVersionDate "2000.07.27"]
[SourceQuality "1"]

1. d4 d5 2. Nf3 Nf6 3. Bf4 e6 4. e3 c5 5. Nbd2 Nc6 6. c3 Bd6 7. dxc5 Bxc5 8. Bd3 O-O 9. O-O h6 10. h3 Re8 11. e4 e5 12. Bh2 Bb6 13. exd5 Qxd5 14. Bc2 Be6 15. Re1 Qc5 16. Bg3 Bd5 17. Nb3 Bxb3 18. axb3 e4 19. b4 Qh5 20. Nd2 Rad8 21. Qxh5 Nxh5 22. Nxe4 Rxe4 23. Bxe4 Nxg3 24. Bxc6 bxc6 25. Rad1 Rxd1 26. Rxd1 Ne4 27. Kf1 f5 28. f3 Ng3+ 29. Ke1 f4 30. Rd6 c5 31. bxc5 Bxc5 32. Rd5 Bb6 33. b4 Kf7 34. Rd7+ Kf6 35. c4 Nf5 36. c5 1-0

[Event "Capablanca Memorial Elite 35th"]
[Site "Varadero"]
[Date "2000.05.09"]
[Round "3"]
[White "Lesiege, Alexandre"]
[Black "Nogueiras, Jesus"]
[Result "1/2-1/2"]
[WhiteElo "2582"]
[BlackElo "2563"]
[WhiteFideId "-1"]
[WhiteFideId "-1"]
[PlyCount "43"]
[GameId "1166642698821632"]
[EventDate "2000.05.07"]
[EventType "tourn"]
[EventRounds "13"]
[EventCountry "CUB"]
[EventCategory "13"]
[SourceTitle "CBM 077"]
[Source "ChessBase"]
[SourceDate "2000.07.27"]
[SourceVersion "1"]
[SourceVersionDate "2000.07.27"]
[SourceQuality "1"]

1. d4 d5 2. c4 c6 3. Nc3 Nf6 4. Nf3 dxc4 5. a4 Bf5 6. e3 e6 7. Bxc4 Bb4 8. O-O O-O 9. Qe2 Ne4 10. Bd3 Bxc3 11. bxc3 Nxc3 12. Qc2 Bxd3 13. Qxd3 Nd5 14. Ba3 Re8 15. Rab1 b6 16. Ne5 a5 17. Rfc1 Qc7 18. e4 Nb4 19. Bxb4 axb4 20. Rxb4 c5 21. Qb5 Nc6 22. Qxb6 1/2-1/2

[Event "Capablanca Memorial Elite 35th"]
[Site "Varadero"]
[Date "2000.05.10"]
[Round "4"]
[White "Stefansson, Hannes"]
[Black "Lesiege, Alexandre"]
[Result "1/2-1/2"]
[WhiteElo "2566"]
[BlackElo "2582"]
[WhiteFideId "-1"]
[WhiteFideId "-1"]
[PlyCount "62"]
[GameId "1166642698850304"]
[EventDate "2000.05.07"]
[EventType "tourn"]
[EventRounds "13"]
[EventCountry "CUB"]
[EventCategory "13"]
[SourceTitle "CBM 077"]
[Source "ChessBase"]
[SourceDate "2000.07.27"]
[SourceVersion "1"]
[SourceVersionDate "2000.07.27"]
[SourceQuality "1"]

1. d4 d5 2. c4 dxc4 3. Nf3 Nf6 4. e3 e6 5. Bxc4 c5 6. O-O a6 7. Bb3 cxd4 8. exd4 Nc6 9. Nc3 Be7 10. a3 O-O 11. Re1 b5 12. d5 exd5 13. Nxd5 Nxd5 14. Bxd5 Bb7 15. Bf4 Bf6 16. Rc1 Na5 17. Bxb7 Nxb7 18. b4 Bb2 19. Rc7 Qxd1 20. Rxd1 Nd8 21. Rc2 Bf6 22. Be5 Ne6 23. h4 Rfd8 24. Rxd8+ Bxd8 25. Rd2 f6 26. Bg3 Ra7 27. h5 Kf7 28. Kf1 Be7 29. Ke1 a5 30. Rd5 axb4 31. axb4 Bxb4+ 1/2-1/2

[Event "Capablanca Memorial Elite 35th"]
[Site "Varadero"]
[Date "2000.05.12"]
[Round "5"]
[White "Lesiege, Alexandre"]
[Black "Slobodjan, Roman"]
[Result "1/2-1/2"]
[WhiteElo "2582"]
[BlackElo "2561"]
[WhiteFideId "-1"]
[WhiteFideId "-1"]
[PlyCount "110"]
[GameId "1166642698866688"]
[EventDate "2000.05.07"]
[EventType "tourn"]
[EventRounds "13"]
[EventCountry "CUB"]
[EventCategory "13"]
[SourceTitle "CBM 077"]
[Source "ChessBase"]
[SourceDate "2000.07.27"]
[SourceVersion "1"]
[SourceVersionDate "2000.07.27"]
[SourceQuality "1"]

1. d4 d5 2. c4 c6 3. Nc3 Nf6 4. Nf3 a6 5. c5 Bf5 6. Bf4 e6 7. e3 Be7 8. Be2 Nbd7 9. Nd2 Qc8 10. b4 Bg6 11. g4 h6 12. Bg3 Bd8 13. a4 b6 14. a5 b5 15. Qb3 Bc7 16. O-O-O Qb7 17. f4 O-O-O 18. Rdf1 Kb8 19. Qd1 Rde8 20. Rhg1 Qc8 21. Qe1 Qd8 22. Bh4 Qc8 23. Kb2 Kb7 24. Qf2 Qb8 25. Bg3 Re7 26. h3 Rhe8 27. Bh4 Rh8 28. Bf3 Bd3 29. Re1 Ree8 30. Bg3 Qd8 31. Bh1 Nb8 32. Bh4 h5 33. Bf3 hxg4 34. hxg4 Rh7 35. Rh1 Reh8 36. g5 Nfd7 37. Bg3 Rxh1 38. Bxh1 Nf8 39. e4 dxe4 40. Ndxe4 Ng6 41. f5 Bxe4 42. Nxe4 Bxg3 43. Nxg3 Ne7 44. fxe6 fxe6 45. Rxe6 Qd7 46. Rd6 Qg4 47. Bf3 Qxg5 48. Re6 Nd5 49. Re5 Qf6 50. Rf5 Rh2 51. Qxh2 Qxd4+ 52. Kb1 Qxb4+ 53. Qb2 Qe1+ 54. Qc1 Qb4+ 55. Qb2 Qe1+ 1/2-1/2

[Event "Capablanca Memorial Elite 35th"]
[Site "Varadero"]
[Date "2000.05.13"]
[Round "6"]
[White "Dominguez Perez, Leinier"]
[Black "Lesiege, Alexandre"]
[Result "0-1"]
[WhiteElo "2508"]
[BlackElo "2582"]
[WhiteFideId "-1"]
[WhiteFideId "-1"]
[PlyCount "98"]
[GameId "1166642698887168"]
[EventDate "2000.05.07"]
[EventType "tourn"]
[EventRounds "13"]
[EventCountry "CUB"]
[EventCategory "13"]
[SourceTitle "CBM 077"]
[Source "ChessBase"]
[SourceDate "2000.07.27"]
[SourceVersion "1"]
[SourceVersionDate "2000.07.27"]
[SourceQuality "1"]

1. e4 c5 2. Nf3 d6 3. d4 cxd4 4. Nxd4 Nf6 5. Nc3 a6 6. Be2 e6 7. O-O Be7 8. f4 O-O 9. Be3 Nc6 10. a4 Qc7 11. Kh1 Re8 12. Bf3 Rb8 13. g4 Nxd4 14. Bxd4 e5 15. Ba7 Ra8 16. Be3 exf4 17. Bxf4 Be6 18. g5 Nd7 19. Nd5 Bxd5 20. Qxd5 Qxc2 21. Bd1 Qxb2 22. Bb3 Kh8 23. Rab1 Qc3 24. Bd2 Qh3 25. Qf5 Qxf5 26. exf5 f6 27. Bf7 Reb8 28. g6 b5 29. Rb3 Bf8 30. Rh3 h6 31. Be3 Nc5 32. Rf4 bxa4 33. Rfh4 Rb1+ 34. Kg2 Rb2+ 35. Kh1 Rab8 36. Bxh6 gxh6 37. Rxh6+ Bxh6 38. Rxh6+ Kg7 39. Rh7+ Kf8 40. Bd5 Rb1+ 41. Kg2 R8b2+ 42. Kf3 Rg1 43. h4 Rd2 44. Bc6 Rf1+ 45. Ke3 Rd3+ 46. Ke2 Rxf5 47. h5 Rh3 48. h6 Re5+ 49. Kd2 Rd3+ 0-1

[Event "Capablanca Memorial Elite 35th"]
[Site "Varadero"]
[Date "2000.05.19"]
[Round "10"]
[White "Lesiege, Alexandre"]
[Black "Arencibia Rodriguez, Walter"]
[Result "1/2-1/2"]
[WhiteElo "2582"]
[BlackElo "2529"]
[WhiteFideId "-1"]
[WhiteFideId "-1"]
[PlyCount "89"]
[GameId "1166642698985472"]
[EventDate "2000.05.07"]
[EventType "tourn"]
[EventRounds "13"]
[EventCountry "CUB"]
[EventCategory "13"]
[SourceTitle "CBM 077"]
[Source "ChessBase"]
[SourceDate "2000.07.27"]
[SourceVersion "1"]
[SourceVersionDate "2000.07.27"]
[SourceQuality "1"]

1. Nf3 Nf6 2. g3 g6 3. Bg2 Bg7 4. O-O O-O 5. c4 d6 6. Nc3 c6 7. d3 Nbd7 8. Rb1 a5 9. a3 Nb6 10. b3 e5 11. Bb2 Re8 12. e4 Bg4 13. h3 Bxf3 14. Qxf3 Nfd7 15. b4 axb4 16. axb4 Nf8 17. Ra1 Ne6 18. Rxa8 Nxa8 19. Ra1 Qb6 20. b5 Nc5 21. Ba3 Qa5 22. Bb2 Qb4 23. Rb1 Nc7 24. Qd1 N7e6 25. Ne2 Qa4 26. Qxa4 Nxa4 27. Ba3 Nac5 28. bxc6 bxc6 29. Rb6 Rc8 30. h4 Bf8 31. Bxc5 Nxc5 32. d4 Nd7 33. Ra6 Nf6 34. f4 Rb8 35. Bf3 exd4 36. Nxd4 d5 37. Rxc6 dxe4 38. Be2 Rb2 39. Rxf6 Bc5 40. Kf1 Bxd4 41. Rd6 Rb1+ 42. Kg2 Rg1+ 43. Kh2 Re1 44. Rxd4 Rxe2+ 45. Kg1 1/2-1/2

[Event "Capablanca Memorial Elite 35th"]
[Site "Varadero"]
[Date "2000.05.20"]
[Round "11"]
[White "Acs, Peter"]
[Black "Lesiege, Alexandre"]
[Result "1-0"]
[WhiteElo "2542"]
[BlackElo "2582"]
[WhiteFideId "-1"]
[WhiteFideId "-1"]
[PlyCount "71"]
[GameId "1165542833217536"]
[EventDate "2000.05.07"]
[EventType "tourn"]
[EventRounds "13"]
[EventCountry "CUB"]
[EventCategory "13"]
[SourceTitle "CBM 077"]
[Source "ChessBase"]
[SourceDate "2000.07.27"]
[SourceVersion "1"]
[SourceVersionDate "2000.07.27"]
[SourceQuality "1"]

1. e4 c5 2. Nf3 d6 3. d4 cxd4 4. Nxd4 Nf6 5. Nc3 a6 6. Be3 e6 7. f3 b5 8. Qd2 Nbd7 9. g4 h6 10. O-O-O Bb7 11. h4 b4 12. Na4 Qa5 13. b3 Nc5 14. a3 Nxa4 15. axb4 Qc7 16. bxa4 d5 17. e5 Nd7 18. f4 Nb6 19. f5 Nc4 20. Qe1 Qxe5 21. Bxc4 dxc4 22. Rf1 Bg2 23. fxe6 Bxf1 24. exf7+ Kxf7 25. Qxf1+ Kg6 26. Bd2 Qd5 27. Bc3 Kh7 28. Nf5 Qf7 29. Qg2 Re8 30. Qc6 Rg8 31. Rd7 Qg6 32. Qxc4 h5 33. Qd3 Kh8 34. g5 Rc8 35. Bd2 a5 36. b5 1-0

[Event "Capablanca Memorial Elite 35th"]
[Site "Varadero"]
[Date "2000.05.21"]
[Round "12"]
[White "Lesiege, Alexandre"]
[Black "Vera Gonzalez Quevedo, Reynaldo"]
[Result "1-0"]
[WhiteElo "2582"]
[BlackElo "2546"]
[WhiteFideId "-1"]
[WhiteFideId "-1"]
[PlyCount "83"]
[GameId "1165542833225728"]
[EventDate "2000.05.07"]
[EventType "tourn"]
[EventRounds "13"]
[EventCountry "CUB"]
[EventCategory "13"]
[SourceTitle "CBM 077"]
[Source "ChessBase"]
[SourceDate "2000.07.27"]
[SourceVersion "1"]
[SourceVersionDate "2000.07.27"]
[SourceQuality "1"]

1. d4 Nf6 2. c4 c5 3. d5 g6 4. Nc3 Bg7 5. e4 d6 6. Nf3 O-O 7. h3 a6 8. a4 e6 9. Bd3 exd5 10. cxd5 Re8 11. O-O c4 12. Bxc4 Nxe4 13. Nxe4 Rxe4 14. Bg5 Bf6 15. Qc2 Re8 16. Rfe1 Rxe1+ 17. Rxe1 Nd7 18. Bf4 Nc5 19. b4 Bf5 20. Qd1 Ne4 21. g4 Nc3 22. Qd2 Bd7 23. Bg5 Bxg5 24. Nxg5 Qf6 25. Re3 Nb1 26. Qc1 Rc8 27. Ne4 Qe5 28. Qxb1 Rxc4 29. Nc5 Qd4 30. Nxd7 Rxb4 31. Qc1 Rc4 32. Qe1 Kg7 33. Re8 Rxa4 34. Qe3 Qxe3 35. fxe3 h6 36. Nb6 Ra1+ 37. Kf2 a5 38. Nc4 Rd1 39. e4 a4 40. Nxd6 a3 41. Ra8 Rd3 42. Ne8+ 1-0

[Event "Oz.com qual blitz"]
[Site "ICC INT"]
[Date "2000.03.05"]
[Round "1"]
[White "Lesiege, Alexandre"]
[Black "Green, Ewen M"]
[Result "1-0"]
[WhiteElo "2582"]
[BlackElo "2265"]
[WhiteFideId "-1"]
[WhiteFideId "-1"]
[PlyCount "57"]
[GameId "1166642608410624"]
[EventDate "2000.03.05"]
[EventType "swiss (blitz)"]
[EventRounds "9"]
[EventCountry "USA"]
[SourceTitle "EXT 2001"]
[Source "ChessBase"]
[SourceDate "2000.11.22"]
[SourceVersion "1"]
[SourceVersionDate "2000.11.22"]
[SourceQuality "1"]

1. d4 d5 2. c4 e6 3. Nc3 c5 4. cxd5 exd5 5. Nf3 Nc6 6. g3 Nf6 7. Bg2 Be7 8. O-O O-O 9. Bg5 Be6 10. dxc5 Bxc5 11. Bxf6 Qxf6 12. Nxd5 Qxb2 13. Nc7 Rad8 14. Qc1 Qxc1 15. Raxc1 b6 16. Nxe6 fxe6 17. e3 h6 18. Rc4 Kf7 19. Re4 Ke7 20. h4 Rf5 21. Bh3 Rxf3 22. Rxe6+ Kf8 23. Rxc6 Rd2 24. Rc8+ Ke7 25. Rc7+ Ke8 26. Bg4 Rfxf2 27. Rxf2 Bxe3 28. Rcf7 Kd8 29. Kg2 1-0